100 Best Crime Movies of All Time - Statistics

General Stats
  • This quiz has been taken 314 times
  • The average score is 22 of 100
Answer Stats
Rank Director Year ANSWER % Correct
1 Francis Ford Coppola 1972 The Godfather
98%
5 Francis Ford Coppola 1974 The Godfather Part II
90%
3 Quentin Tarantino 1994 Pulp Fiction
88%
11 Martin Scorsese 1990 GoodFellas
85%
10 Martin Scorsese 1976 Taxi Driver
73%
73 Quentin Tarantino 1992 Reservoir Dogs
70%
34 Martin Scorsese 2006 The Departed
66%
17 Christopher Nolan 2008 The Dark Knight
63%
18 Martin Scorsese 2019 The Irishman
57%
65 Stanley Kubrick 1971 A Clockwork Orange
53%
47 Joel & Ethan Coen 1996 Fargo
53%
23 Joel & Ethan Coen 2007 No Country for Old Men
53%
2 Sidney Lumet 1957 12 Angry Men
52%
29 Jonathan Demme 1991 The Silence of the Lambs
51%
35 Martin Scorsese 1973 Mean Streets
50%
25 William Friedkin 1971 The French Connection
39%
74 Bryan Singer 1995 The Usual Suspects
36%
37 Wes Anderson 2014 The Grand Budapest Hotel
35%
22 Elia Kazan 1954 On the Waterfront
34%
46 Sidney Lumet 1975 Dog Day Afternoon
33%
4 Akira Kurosawa 1950 Rashomon
33%
62 Quentin Tarantino 2004 Kill Bill: Vol. 2
31%
24 Curtis Hanson 1997 L.A. Confidential
29%
61 Clint Eastwood 2003 Mystic River
29%
48 George Roy Hill 1973 The Sting
29%
7 Orson Welles 1958 Touch of Evil
29%
71 Steven Soderbergh 2000 Traffic
29%
9 Billy Wilder 1944 Double Indemnity
28%
55 Arthur Penn 1967 Bonnie and Clyde
27%
70 Edgar Wright 2017 Baby Driver
25%
52 Fernando Meirelles & Kátia Lund 2002 City of God
25%
72 Wes Anderson 2009 Fantastic Mr. Fox
25%
81 Rian Johnson 2019 Knives Out
25%
66 David O. Russell 2013 American Hustle
24%
64 Bong Joon-Ho 2003 Memories of Murder
24%
6 Charles Laughton 1955 Night of the Hunter
24%
54 Sidney Lumet 1973 Serpico
24%
57 Ridley Scott 1991 Thelma & Louise
24%
43 Martin Scorsese 1985 After Hours
22%
26 Terrence Malick 1973 Badlands
22%
42 Don Siegel 1971 Dirty Harry
22%
13 Otto Preminger 1959 Anatomy of a Murder
19%
67 Neil Jordan 1992 The Crying Game
18%
32 Martin McDonagh 2017 Three Billboards Outside Ebbing, Missouri
18%
15 Tom McCarthy 2015 Spotlight
17%
49 Josh & Benny Safdie 2019 Uncut Gems
17%
92 John Woo 1989 The Killer
16%
50 Andrew Davis 1993 The Fugitive
15%
33 Robert Mulligan 1962 To Kill a Mockingbird
15%
89 Robert Zemeckis 1988 Who Framed Roger Rabbit
15%
56 John Carpenter 1976 Assault on Precinct 13
14%
83 Paul Verhoeven 2016 Elle
14%
41 Sir Alfred Hitchcock 1950 Strangers on a Train
14%
79 Robert Altman 1992 The Player
14%
77 Robert Wise & Jerome Robbins 1961 West Side Story
14%
8 Jules Dassin 1955 Rififi
12%
20 Stuart Rosenberg 1967 Cool Hand Luke
10%
91 Paul Greengrass 2013 Captain Phillips
9%
87 Ryan Coogler 2013 Fruitvale Station
9%
58 Robert Altman 1973 The Long Goodbye
9%
16 Edward Yang 1991 A Brighter Summer Day
8%
19 Hirokazu Koreeda 2018 Shoplifters
8%
59 Shane Meadows 2006 This is England
8%
36 Jacques Audiard 2009 A Prophet
7%
75 Bennett Miller 2005 Capote
7%
14 Louis Malle 1958 Elevator to the Gallows
7%
96 James Foley 1992 Glengarry Glen Ross
7%
27 Jean-Pierre Melville 1970 Le Cercle Rouge
7%
78 Kimberly Peirce 1999 Boys Don't Cry
6%
86 Todd Field 2001 In the Bedroom
6%
30 Robert Bresson 1983 L'Argent
6%
100 Neil Jordan 1986 Mona Lisa
6%
44 Luchino Visconti 1960 Rocco and His Brothers
6%
39 Alexander Mackendrick 1955 The Ladykillers
6%
31 Elio Petri 1970 Investigation of a Citizen Above Suspicion
5%
97 Fabián Bielinsky 2000 Nine Queens
5%
80 Nuri Bilge Ceylan 2011 Once Upon a Time in Anatolia
5%
12 Julien Duvivier 1937 Pépé le Moko
5%
45 Jean-Luc Godard 1964 Band of Outsiders
4%
21 Wong Kar-Wai 1990 Days of Being Wild
4%
53 David Mackenzie 2016 Hell or High Water
4%
40 Richard Brooks 1967 In Cold Blood
4%
98 Carl Franklin 1992 One False Move
4%
95 Mike Leigh 2004 Vera Drake
4%
99 Marielle Heller 2018 Can You Ever Forgive Me?
3%
90 Robert Clouse 1973 Enter the Dragon
3%
28 Anurag Kashyap 2012 Gangs of Wasseypur
3%
38 Andrey Zvyagintsev 2014 Leviathan
3%
85 Ken Loach 2002 Sweet Sixteen
3%
69 Luc & Jean-Pierre Dardenne 2005 The Child
3%
82 Anurag Kashyap 2004 Black Friday
2%
68 Abraham Polonsky 1948 Force of Evil
2%
76 Joshua Marston 2004 Maria Full of Grace
2%
94 Götz Spielmann 2008 Revanche
2%
60 Jacques Becker 1954 Touchez Pas au Grisbi
2%
88 Cristina Gallego & Ciro Guerra 2018 Birds of Passage
1%
84 Andrey Zvyagintsev 2011 Elena
1%
51 Stéphane Aubier, Vincent Patar & Benjamin Renner 2012 Ernest & Celestine
1%
93 Lukas Moodysson 2002 Lilya 4-Ever
1%
63 Yuriy Bykov 2014 The Fool
1%
No matching quizzes found
Score Distribution
Percent of People with Each Score
Percentile by Number Answered
Your Score History
You have not taken this quiz